000 00761nam a22002177a 4500
003 0
005 20250120160938.0
008 250120b xxu||||| |||| 00| 0 eng d
020 _a978-1-394-17356-3
050 _aNK 2113.5
_b.M68 2024
100 _aMitton, Maureen
245 _aInterior design visual presentation
_c Maureen Mitton
260 _aNew Jersey
_bJohn Wiley & Sons
_c2024
300 _aix, 334 pages :
_billustrations ;
_c23cm.
504 _aIncludes bibliographical references and index.
650 _aInterior design—Visual presentation.
650 _aArchitectural rendering—Techniques.
650 _aComputer-aided design (CAD) for interior designers.
650 _aInterior decoration—Presentation methods.
942 _2lcc
_cBK
999 _c367029
_d367029